1478 1535 1931 1735 1463 1576 1178 1025 1039 1813 1401 1914 1863 1410 1023 1186 1083 1611 1386 1658 1031 1814 1977 1682 1573 1114 1582 1768 1609 1343 1378 1133 1250 1476 1089 1486 1367 1330 1138 1360 1506 1686 1502 1533 1632 1744 1405 1471 1622 1291 1081 1832 1077 1794 1172 1928 1628 1768 1067 1241 1176 1709 1863 1235 1127 1195 1304 1658 1187 1597 1605 1039 1137 1362 1107 1904 1589 1864 1793 1935 1625 1128 1156 1310 1237 1704 1430 1074 1551 1772 1040 1943 1288 1079 1906 2000 1144 1459 1915 BCNSPRNW ULIB Ver.6.0+V

เปลี่ยนเป็นภาษาไทย

Change to English
 แสดงรายละเอียดบรรณานุกรม
  กลับหน้าหลัก

Brief Record : Get Marc (ISO 2709) : E-mail record : QR code < ปิดหน้าต่าง
LEADER : 00000nam 2200000uu 4500
001    13399115128
003     ULIB
008    120711s2549||||th 000 0 tha d
020    ^a9789740318255
020    9740318258
050  4 HA62^bส882ก
100  0 สุวิมล ติรกานันท์
245  1 การใช้สถิติในงานวิจัยทางสังคมศาสตร์ :^bแนวทางสู่การปฏิบัติ /^cสุวิมล ติรกานันท์
250    พิมพ์ครั้งที่ 2 (ปรับปรุงใหม่)
260    กรุงเทพฯ :^bโรงพิมพ์แห่งจุฬาลงกรณ์มหาวิทยาลัย,^c2549
300    ^a384 หน้า :^bภาพประกอบ
504    ^aบรรณานุกรม
505  0 ^aหลักการเบื้องต้นของการใช้สถิติในการวิจัยทางสังคมศาสตร์ -- การแจกแจงความถี่ การเปรียบเทียบและการจัดตำแหน่ง -- การวัดแนวโน้มเข้าสู่ส่วนกลางและการวัดการกระจาย -- การวัดความสัมพันธ์ -- การถดถอยและการถดถอยพหุเบื้องต้น -- การใช้สัมประสิทธิ์สหสัมพันธ์ในการตรวจสอบความเที่ยงและความตรง -- ความเข้าใจเกี่ยวกับการใช้สถิติอนุมาน -- การสุ่มตัวอย่าง -- การประมาณค่า -- การทดสอบนัยสำคัญของสัดส่วนความถี่และความแปรปรวน -- การทดสอบนัยสำคัญของค่าเฉลี่ย -- การทดสอบนัยสำคัญของค่าเฉลี่ยตั้งแต่สองกลุ่มขึ้นไป -- การวิเคราะห์ความแปรปรวนสองทาง -- การวิเคราะห์ความแปรปรวนสองทางในการวิจัยเชิงทดลอง -- การควบคุมตัวแปรแทรกซ้อนด้วยการวิเคราะห์ความแปรปรวน
650  7 ^aสถิติ
945    ^p280^l0^i026279
995    ทศพร
999 ^a ทศพร
รายการนี้ยังไม่มีแท็ก
คุณยังไม่ได้ล็อกอิน คุณสามารถมีกิจกรรมร่วมกับเว็บไซต์ได้ แต่ต้องล็อกอินก่อน ::
  ล็อกอิน

รายการสื่อสารสนเทศ

ลำดับที่ ประเภท เลขเรียก/บาร์โค้ด สถานที่ สถานะ
- ไม่พบข้อมูล -

รายการใกล้เคียง
    ผู้แต่ง [สุวิมล ติรกานันท์]

    หัวเรื่อง [สถิติ]

BibComment


ยังไม่เคยถูกคอมเมนท์

คอมเมนท์ทรัพยากรรายการนี้
  คอมเมนท์: การใช้สถิติในงานว..


 Copyright 2026. Bcnsprnw @Library